|
|
|
|
| LEADER |
00000nas a2200000 i 4500 |
| 001 |
ssj0000778757 |
| 003 |
WaSeSS |
| 005 |
20200512172242.0 |
| 006 |
m d |
| 007 |
cr n |
| 008 |
110706c20109999ck fr p s 0 0spa c |
| 010 |
|
|
|a 2012269058
|
| 035 |
|
|
|a (WaSeSS)ssj0000778757
|
| 040 |
|
|
|a AU@
|b eng
|c AU@
|d OCLCQ
|d UTV
|d OCLCQ
|d CUS
|d OCLCF
|d OCLCO
|d OCLCA
|d WaSeSS
|
| 042 |
|
|
|a pcc
|
| 043 |
|
|
|a s-ck---
|
| 245 |
0 |
0 |
|a Revista CES derecho
|h [electronic resource].
|
| 246 |
1 |
|
|a Rev. CES derecho
|
| 260 |
|
|
|a Medellín, Colombia :
|b Universidad CES, Facultad de Derecho,
|c [2010]-
|
| 310 |
|
|
|a Semiannual
|
| 347 |
|
|
|3 full text
|a text file
|b PDF
|2 rda
|
| 347 |
|
|
|3 summaries
|a text file
|b HTML
|2 rda
|
| 362 |
1 |
|
|a Began with Volumen 1, Número 1 (julio-deciembre de 2010).
|
| 506 |
|
|
|a License restrictions may limit access.
|
| 588 |
|
|
|a Description based on: Volumen 1, Número 1 (julio-deciembre de 2010); title from html header (publisher's Web site, viewed November 5, 2012).
|
| 588 |
|
|
|a Latest issue consulted: Vol. 3, no. 1 (2012) (publisher's Web site, viewed November 5, 2012).
|
| 650 |
|
0 |
|a Law
|v Periodicals.
|
| 650 |
|
0 |
|a Law
|z Colombia
|v Periodicals.
|
| 650 |
|
7 |
|a Law.
|2 fast
|0 (OCoLC)fst00993678
|
| 651 |
|
7 |
|a Colombia.
|2 fast
|0 (OCoLC)fst01205916
|
| 655 |
|
0 |
|a Electronic journals.
|
| 710 |
2 |
|
|a Universidad CES.
|b Facultad de Derecho.
|
| 776 |
0 |
8 |
|i Print version:
|t Revista CES derecho
|x 2145-7719
|
| 856 |
4 |
0 |
|z Full text available from Research Library: 01/01/2010 to present
|u https://search.proquest.com/publication/2037662
|